| 000 | 01191nam a2200313 a 4500 | ||
|---|---|---|---|
| 001 | 000114095 | ||
| 003 | CHAP | ||
| 005 | 20220329144426.0 | ||
| 008 | 171030s2017 mx sm |||||||spa d | ||
| 010 | _a110556 | ||
| 011 | _a111528 | ||
| 040 | _cCHAP | ||
| 090 | _aTesis | ||
| 100 | 1 |
_aRodríguez Dimas, Karen Lizbeth _9133953 |
|
| 245 | 1 | 0 |
_aModelo de progamación lineal para maximisar ganancia en la comunidad de Petlatán,Municipio de Atlixtac, Gro. _h[En línea] _cpor Karen Lizbeth Rodríguez Dimas. |
| 260 |
_aCocula, Gro. : _bEl autor, _c2017. |
||
| 500 | _aPara ver el contenido del material haga clic en la liga | ||
| 502 | _aTesis (Ing. Agr. Fitotecnista) -- Colegio Superior Agropecuario del Estado de Guerrero | ||
| 590 |
_aE6339RRR _b05 _c20171030 _lUCH01 _h0905 |
||
| 590 |
_aE6339RRR _b05 _c20171030 _lUCH01 _h0906 |
||
| 590 |
_aE6339RRR _b05 _c20171030 _lUCH01 _h0906 |
||
| 650 | 1 | 4 |
_aAgricultura _xModelos matemáticos _91744 |
| 650 | 1 | 4 |
_aCultivos _xAnálisis costo-beneficio. _9131585 |
| 650 | 1 | 4 |
_aPolítica agrícola _xGuerrero. _990323 |
| 856 |
_aFinding aid _uhttp://10.13.5.2/tesis/sist114095.pdf _zTeclea aquí |
||
| 901 | _aBK | ||
| 942 | _cTESIS | ||
| 942 | _n0 | ||
| 999 |
_c110556 _d110556 |
||